| 000 | 00523nam a2200169 i 4500 | ||
|---|---|---|---|
| 001 | 105820 | ||
| 003 | ES-MaACL | ||
| 007 | t| | ||
| 008 | 060830s1947 bo ||||1| spa d | ||
| 080 | _a821.134.2(861.2)-31"19" | ||
| 100 | 1 |
_aMendoza López, Max. _980263 |
|
| 245 | 1 | 0 |
_aSol de justicia _b: (novela de la meseta andina, escrita para el pueblo) / _cMax Mendoza L. |
| 260 |
_aLa Paz : _bUniverso, _c[1947] |
||
| 300 |
_a311 p. ; _c20 cm. |
||
| 500 | _aBiblioteca Juan Andrade. | ||
| 852 |
_aES-MaACL _jAND-653 _bR.109950 |
||
| 999 |
_c105820 _d105820 |
||